000 00712nab a2200217 4500
003 BR-BrBNA
005 20250526215336.0
008 250526b bl.||||| |||| 00| 0 por d
040 _aBR-BrBNA
_bpor
072 _aJ11 ; E13
100 _aBorges, César
245 _aHidrovia, artéria do agronegócio
_bArtigo
500 _a2 illus.
650 _aHIDROVIA
650 _aTRANSPORTE FLUVIAL
650 _aINVESTIMENTO
650 _aESCOAMENTO DA PRODUÇÃO
773 0 _01706
_9347873
_dSão Paulo-SP Editora Três Ltda - E-mail: luizfsa@revistadinheiro.com.br 2004
_o2025-0373
_tDinheiro Rural (Brazil)
_x1807-3700
_gv. 5(44) p. 98; (Jun 2008)
_wBR2025001210
942 _cANA
999 _c331739
_d331739